The noble scholar, jurist, historian


 His Excellency Dr. Abdul Wahhab bin Ibrahim Abu Sulaiman, may Allah have mercy on him.


 He was born in Umm Al-Qura in the year 1356 AH.

التنظيمات الداخلية في مكة المكرمة بعد دخول الملك عبد العزيز آل سعود 1343-1351 هـ. / 1924-1932 م. / (Record no. 3108)

MARC details
000 -LEADER
fixed length control field 01437cam a2200313 i 4500
003 - CONTROL NUMBER IDENTIFIER
control field SA-RiAUC
005 - DATE AND TIME OF LATEST TRANSACTION
control field 20241208085320.0
008 - FIXED-LENGTH DATA ELEMENTS--GENERAL INFORMATION
fixed length control field 241205s2006 su g 00010dara c
020 ## - INTERNATIONAL STANDARD BOOK NUMBER
International Standard Book Number 9960880907
040 ## - CATALOGING SOURCE
Original cataloging agency SA-JeALM
Language of cataloging ara
Transcribing agency SA-RiAUC
Description conventions rda
043 ## - GEOGRAPHIC AREA CODE
Geographic area code a-su---
082 04 - DEWEY DECIMAL CLASSIFICATION NUMBER
Classification number 953.105
092 ## - LOCALLY ASSIGNED DEWEY CALL NUMBER (OCLC)
Classification number 953,105
Item number ق ح ط
100 1# - MAIN ENTRY--PERSONAL NAME
Personal name القحطاني، منى بنت قائد آل ثابتة
Relator term مؤلف.
245 12 - TITLE STATEMENT
Title التنظيمات الداخلية في مكة المكرمة بعد دخول الملك عبد العزيز آل سعود 1343-1351 هـ. / 1924-1932 م. /
Statement of responsibility, etc. منى بنت قائد آل ثابتة القحطاني.
264 #1 - PRODUCTION, PUBLICATION, DISTRIBUTION, MANUFACTURE, AND COPYRIGHT NOTICE
Place of production, publication, distribution, manufacture الرياض :
Name of producer, publisher, distributor, manufacturer دارة الملك عبد العزيز،
Date of production, publication, distribution, manufacture, or copyright notice 2006
300 ## - PHYSICAL DESCRIPTION
Extent 686 صفحة ؛
Dimensions 24 سم.
336 ## - CONTENT TYPE
Content type term نص
Content type code txt
Source rdacontent
Materials specified كتاب
337 ## - MEDIA TYPE
Media type term بدون وسيط
Media type code n
Source rdamedia
338 ## - CARRIER TYPE
Carrier type term مجلد
Carrier type code nc
Source rdacarrier
440 #0 - SERIES STATEMENT/ADDED ENTRY--TITLE
Title إصدارات دارة الملك عبد العزيز
Volume/sequential designation 191
490 ## - SERIES STATEMENT
Series statement سلسلة الرسائل الجامعية
Linkage 22
535 2# - LOCATION OF ORIGINALS/DUPLICATES NOTE
Custodian 5.
610 17 - SUBJECT ADDED ENTRY--CORPORATE NAME
Corporate name or jurisdiction name as entry element السعودية.
Subordinate unit الملك (1319-1373 هـ. : عبد العزيز بن عبد الرحمن)
Source of heading or term aucnm
651 #7 - SUBJECT ADDED ENTRY--GEOGRAPHIC NAME
Geographic name مكة المكرمة
General subdivision تاريخ
Chronological subdivision قرن 14 هجري
Source of heading or term aucsh
651 #7 - SUBJECT ADDED ENTRY--GEOGRAPHIC NAME
Geographic name السعودية
General subdivision تاريخ
Chronological subdivision عبد العزيز بن عبد الرحمن، 1319-1373 هجري.
Source of heading or term aucsh
942 ## - ADDED ENTRY ELEMENTS (KOHA)
Source of classification or shelving scheme Dewey Decimal Classification
Koha item type Books
Suppress in OPAC No
949 ## - LOCAL PROCESSING INFORMATION (OCLC)
a SA-JeALM
d 241205
u osman123
n 1
Holdings
Withdrawn status Lost status Source of classification or shelving scheme Damaged status Not for loan Home library Current library Date acquired Total checkouts Full call number Barcode Date last seen Price effective from Koha item type
    Dewey Decimal Classification     DR AbdElwahab Library DR AbdElwahab Library 12/08/2024   953.105 ق ح ط 000004880 12/08/2024 12/08/2024 Books